ბათუმის შოთა რუსთაველის სახელმწიფო უნივერსიტეტის ბიბლიოთეკა

პრაქტიკულ-ლაბორატორიული სამუშაოების მეთოდური სახელმძღვანელო ხერხემლიანთა ბიოლოგიაში : (ბიბ.ჩანაწერი № 36208)

000 -ლიდერი
ფიქსირებული სიგრძის საკონტროლო ველი 01337nam a2200241Ia 4500
001 - საკონტროლო ნომერი
საკონტროლო ველი 2111
003 - საკონტროლო ნომრის იდენტიფიკატორი
საკონტროლო ველი GE_BSU
005 - ბოლო ოპერაციის თარიღი და დრო
საკონტროლო ველი 20190524153523.0
008 - ფიქსირებული სიგრძის მონაცემთა ელემენტები - ზოგადი ინფორმაცია
ფიქსირებული სიგრძის საკონტროლო ველი 181216s1985||||ge |||||||||||||| ||geo||
040 ## - კატალოგიზაციის წყარო
Transcribing agency GE_BSU
041 ## - ენის კოდი
Language code of text/sound track or separate title geo
080 ## - უნივერსალური ათობითი კლასიფიკაციის ინდექსი
Universal Decimal Classification number 59(07508)(072) ბ– 20
100 ## - მთავარი ჩანაწერი - პიროვნების სახელი
Personal name ბალავაძე, ე.
9 (RLIN) 1573
245 ## - ცნობა სათაურის შესახებ
Remainder of title დამხმ. სახელმძღვ. პედ. ინ-ტის სტუდენტებისათვის /
Title პრაქტიკულ-ლაბორატორიული სამუშაოების მეთოდური სახელმძღვანელო ხერხემლიანთა ბიოლოგიაში :
Statement of responsibility, etc ე. ბალავაძე, ვ. შარვაშიძე, ს. ელიზბარაშვილი.
264 ## - წარმოების, გამოცემის, დისტრიბუციის და სხვა ცნობები
გამოცემის, წარმოების, დისტრიბუციის... ადგილი თბილისი :
გამოცემის, წარმოების, დისტრიბუციის... სახელწოდება განათლება,
გამოცემის, წარმოების, დისტრიბუციის... თარიღი 1985.
300 ## - ფიზიკური აღწერა
Extent 255 გვ. ;
Other physical details 22 სმ.
504 ## - BIBLIOGRAPHY, ETC. NOTE
Bibliography, etc ბიბლიოგრ.: გვ. 247. - საგანთა საძიებელი: გვ. 248-252.
653 ## - INDEX TERM--UNCONTROLLED
Uncontrolled term ბიოლოგია
653 ## - INDEX TERM--UNCONTROLLED
Uncontrolled term ხერხემლიანები
700 ## - ADDED ENTRY--PERSONAL NAME
Personal name შარვაშიძე, ვ.
Relator term ავტორი
9 (RLIN) 1574
700 ## - ADDED ENTRY--PERSONAL NAME
Personal name ელიზბარაშვილი, ს.
9 (RLIN) 1575
Relator term ავტორი
942 ## - ADDED ENTRY ELEMENTS (KOHA)
Koha item type წიგნი
Source of classification or shelving scheme
ეგზემპლარები
ჩამოწერის სტატუსი დაკარგული ეგზემპლარის სტატუსი კლასიფიკაციის წყარო ან თაროზე გაწყობის სქემა დაზიანების სტატუსი არ გაიცემა მუდმივი მდებარეობა (დაცვის ადგილი) ამჟამინდელი ადგილსამყოფელი თაროზე განთავსების ადგილი შეძენის თარიღი ღირებულება, შესყიდვის ნორმალური ფასი სრული შენახვის შიფრი შტრიხკოდი ბოლო ოპერაციის თარიღი ეგზემპლარის მიმდევრობითი ნომერი (კეტერი?) ფასის ძალაში შესვლის თარიღი ეგზემპლარის სახეობა საჯარო შენიშვნა
          ბათუმის შოთა რუსთაველის სახელმწიფო უნივერსიტეტის მთავარი ბიბლიოთეკა ბათუმის შოთა რუსთაველის სახელმწიფო უნივერსიტეტის მთავარი ბიბლიოთეკა წიგნსაცავი 2018-12-17 10.00 59(07508)(072) ბ– 20 4324 2018-12-17 4324 2018-12-17 წიგნი 10 ლ.